Choṭī muṭī gājī miyām̐. (Record no. 76905)

MARC details
000 -LEADER
fixed length control field 00544cam a22002171 4500
001 - CONTROL NUMBER
control field sa 68000055
003 - CONTROL NUMBER IDENTIFIER
control field DLC
005 - DATE AND TIME OF LATEST TRANSACTION
control field 20260227112420.0
008 - FIXED-LENGTH DATA ELEMENTS--GENERAL INFORMATION
fixed length control field 890630s1964 ii 000 1 bhoo
010 ## - LIBRARY OF CONGRESS CONTROL NUMBER
LC control number sa 68000055
035 ## - SYSTEM CONTROL NUMBER
System control number (OCoLC)19954113
040 ## - CATALOGING SOURCE
Original cataloging agency DLC
Transcribing agency WaU
Modifying agency DLC
042 ## - AUTHENTICATION CODE
Authentication code premarc
050 00 - LIBRARY OF CONGRESS CALL NUMBER
Classification number PK1828.A2
Item number S53
100 1# - MAIN ENTRY--PERSONAL NAME
Personal name Singh, Chandra Bhushan,
Dates associated with a name 1937-
245 10 - TITLE STATEMENT
Title Choṭī muṭī gājī miyām̐.
260 ## - PUBLICATION, DISTRIBUTION, ETC.
Date of publication, distribution, etc. [1964]
300 ## - PHYSICAL DESCRIPTION
Extent 45 p.
Dimensions 19 cm.
500 ## - GENERAL NOTE
General note In Brojpuri.
650 #0 - SUBJECT ADDED ENTRY--TOPICAL TERM
Topical term or geographic name entry element Short stories, Bhojpuri.

No items available.

Powered by Koha